000 00400 a2200109 4500
001 ART_38218
005 20260410161804.0
008 260409a
245 1 0 _aLa quiebra del consorcio de propiedad horizontal en el nuevo Código Civil y Comercial unificado de la Nación
100 1 _aMozzi, Germán D.
773 0 _tDoctrina Societaria y Concursal
_g- Nº 330 (mayo 2015)
_wREV4298
999 _c20804
_d20804